| 000 | 00937am a2200337a 44500 | ||
|---|---|---|---|
| 003 | AR-BaBNM | ||
| 005 | 20251128210140.0 | ||
| 008 | 019019s1995 #AR|||||||||||000 | spa|| | ||
| 020 | _a950-665-018-7 | ||
| 040 | _cAR-BaBNM | ||
| 100 | 1 | _aFerro, Gustavo | |
| 245 | 1 | 0 | _aAjuste, reforma estructural y desarrollo de mercados de capitales |
| 260 |
_aRío Cuarto _bUniversidad Nacional de Río Cuarto _c1995 |
||
| 300 |
_a574 p. _btablas |
||
| 504 | _aBibliografía p. 558-559 | ||
| 610 | 2 | 4 | _aFONDO MONETARIO INTERNACIONAL |
| 650 | 4 | _aCREDITO | |
| 650 | 4 | _aDEUDAS | |
| 650 | 4 | _aINVERSION | |
| 650 | 4 | _aCAPITALES EXTRANJEROS | |
| 650 | 4 | _aINVERSIONES EXTRANJERAS | |
| 650 | 4 | _aGRUPOS DE INTERESES | |
| 650 | 4 | _aMERCADOS | |
| 650 | 4 | _aBANCOS | |
| 650 | 4 | _aPOLITICA MONETARIA | |
| 650 | 4 | _aSISTEMAS MONETARIOS INTERNACIONALES | |
| 651 | 4 | _aAmérica Latina | |
| 653 | _aMERCOSUR | ||
| 942 | _cBK | ||
| 998 | _cMariana | ||
| 999 |
_c14259 _d14259 |
||